石灰石鉱山のある自治体 - Statistics

General Stats
  • This quiz has been taken 26 times
  • The average score is 48 of 87
Answer Stats
企業名 鉱山 都道府県 自治体 住所 % Correct
北見石灰工業株式会社 北見石灰 北海道 北見市 開成783
91%
北海道農材工業株式会社 新士別 北海道 士別市 上士別町4580-4
87%
訓子府石灰工業株式会社 訓子府 北海道 常呂郡訓子府町 字大谷
78%
八戸鉱山株式会社 八戸石灰 青森県 八戸市 大字松館字長坂9-1
78%
龍振鉱業株式会社 大船渡 岩手県 大船渡市 日頃市町字石橋16-1
74%
秩父太平洋セメント株式会社 三輪 埼玉県 秩父市 上影森607
74%
奥多摩工業株式会社 青梅 東京都 青梅市 成木6-534
70%
奥多摩工業株式会社 氷川 東京都 西多摩郡奥多摩町 氷川243-2
70%
株式会社 昭和石材工業所 古里 東京都 西多摩郡奥多摩町 小丹波580
70%
デンカ株式会社 青海 新潟県 糸魚川市 青海2209
70%
明星セメント株式会社 田海 新潟県 糸魚川市 田海4491
70%
敦賀セメント株式会社 敦賀 福井県 敦賀市 泉2号6-1
70%
秋芳鉱業株式会社 秋芳 山口県 美祢市 秋芳町大字別府字魚ケ下682
70%
龍陽興産株式会社 重安 山口県 美祢市 大嶺町北分674-1
70%
UBE三菱セメント株式会社 宇部伊佐 山口県 美祢市 伊佐町伊佐4768
70%
UBE三菱セメント株式会社 東谷 福岡県 北九州市小倉南区 大字小森750
70%
小倉鉱業株式会社 小倉 福岡県 北九州市小倉南区 大字市丸1050
70%
浦河石灰工業株式会社 ムコロベツ 北海道 浦河郡浦河町 西幌別276
65%
滋賀鉱産株式会社 伊吹 滋賀県 米原市 大久保110
65%
近江鉱業株式会社 近江 滋賀県 米原市 上野1850
65%
日鉄鉱業株式会社 鳥形山 高知県 須崎市 下分乙1101
65%
清水工業株式会社 清水 岐阜県 大垣市 南市橋町1313-1
61%
河合石灰工業株式会社 河合石灰 岐阜県 大垣市 赤坂町2093
61%
三星砿業株式会社 愛宕 岐阜県 大垣市 赤坂町愛宕4810
61%
マルアイ石灰工業株式会社 昼飯 岐阜県 大垣市 昼飯町字岩原1350
61%
上田石灰製造株式会社 金生 岐阜県 大垣市 昼飯町1290-1
61%
滋賀鉱産株式会社 多賀 滋賀県 犬上郡多賀町 四手812
61%
大分太平洋鉱業株式会社 新津久見 大分県 津久見市 下青江3700
61%
日鉄鉱業株式会社 新津久見 大分県 津久見市 小園町10-31
61%
大分鉱業株式会社 新大分 大分県 津久見市 大字上青江2426-1
61%
株式会社 戸髙鉱業社 戸高 大分県 津久見市 合ノ元町5番18号
61%
東京石灰工業株式会社 東京石灰 栃木県 佐野市 山菅町3518
57%
住友大阪セメント株式会社 唐沢 栃木県 佐野市 会沢町776
57%
日鉄鉱業株式会社 羽鶴 栃木県 佐野市 仙波町1599
57%
吉澤石灰工業株式会社 大叶 栃木県 佐野市 宮下町7-10
57%
駒形石灰工業株式会社 大釜 栃木県 佐野市 仙波町2743
57%
上田石灰製造株式会社 久瀬 岐阜県 揖斐郡揖斐川町 西津汲
57%
清水工業株式会社 春日 岐阜県 揖斐郡揖斐川町 揖斐川町春日河合
57%
安倍川開発株式会社 田原 愛知県 田原市 田原町井戸沢20-2
57%
三共精粉株式会社 井ノ口 岡山県 新見市 上市1349
57%
足立石灰工業株式会社 足立 岡山県 新見市 足立3893
57%
株式会社 白川マイニング 白川阿哲 岡山県 新見市 正田564
57%
三共精粉株式会社 正田 岡山県 新見市
57%
三共精粉株式会社 牛丸 岡山県 新見市 金谷
57%
旭砿末資料合資会社 畑山 岡山県 新見市 哲多町花木9
57%
備北粉化工業株式会社 唐櫃 岡山県 新見市 哲多町本郷1073
57%
日鉄鉱業株式会社 井倉 岡山県 新見市 井倉527-1
57%
株式会社 技建工務所 宇部苅田 福岡県 京都郡苅田町 大字堤3967
57%
日鉄鉱業株式会社 東鹿越 北海道 空知郡南富良野町 字東鹿越365
52%
王子木材緑化株式会社 鹿越 北海道 空知郡南富良野町 字東鹿越
52%
株式会社 安田 歌登安田 北海道 枝幸郡枝幸町 パンケナイ
52%
宮城石灰工業株式会社 宮城石灰岩手 岩手県 一関市 東山町田河津字田河津森55-1
52%
UBE三菱セメント株式会社 長坂 岩手県 一関市 東山町長坂字羽根掘50
52%
株式会社 東北鉄興社 東鉄松川 岩手県 一関市 東山町松川字滝ノ沢198
52%
宮城石灰鉱山株式会社 松川 岩手県 一関市 東山町松川字野谷起5
52%
新鉱工業株式会社 名郷 埼玉県 飯能市 大字上名栗3319
52%
新鉱工業株式会社 美山 岐阜県 山県市 神崎1476
52%
中山石灰工業株式会社 中山石灰 岡山県 真庭市 宮地2252
52%
高知太平洋鉱業株式会社 土佐山 高知県 高知市 土佐山1200-1
52%
香春石灰化学工業株式会社 池本香春石灰石 福岡県 田川郡香春町 大字採銅所1524
52%
香春鉱業株式会社 香春 福岡県 田川郡香春町 大字香春1315-1
52%
旭砿末資料合資会社 石の倉 茨城県 常陸太田市 亀作町1660
48%
武甲鉱業株式会社 武甲 埼玉県 秩父郡横瀬町 横瀬48-1
48%
菱光石灰工業株式会社 宇根 埼玉県 秩父郡横瀬町 大字横瀬357-1
48%
株式会社 イナサス 栃窪 静岡県 浜松市浜名区 引佐町栃窪168
48%
株式会社 カルファイン 金平山宝 岡山県 高梁市 備中町布瀬1759
48%
船尾鉱山株式会社 船尾 福岡県 田川市 大字弓削田2803-1
48%
関の山鉱山株式会社 新関の山 福岡県 田川市 大字弓削田字関の山中尾3826-2
48%
株式会社 山城砕石鉱業 山城 沖縄県 名護市 安和1917
48%
日鉄鉱業株式会社 尻屋 青森県 下北郡東通村 大字尻屋字八峠2-61
43%
日東粉化工業株式会社 中森 福島県 田村市 滝根町神俣駅字五林平3
43%
旭砿末資料合資会社 新滝根 福島県 田村市 大越町大字欠入1
43%
秩父鉱業株式会社 御堂 埼玉県 秩父郡東秩父村 大字御堂948-1
43%
三重太平洋鉱業株式会社 藤原 三重県 いなべ市 藤原町大字東禅寺130-1
43%
近藤石灰工業株式会社 鈴峰 三重県 鈴鹿市 小岐須町1118
43%
日東粉化工業株式会社 夏森 広島県 庄原市 東城町川西1448-1
43%
秩父太平洋セメント株式会社 叶山 群馬県 多野郡神流町 大字神ケ原540-3
39%
JFEミネラル株式会社 芳井 岡山県 井原市 芳井町大字上鴨811
39%
株式会社 トクヤマ 麻郷 山口県 熊毛郡田布施町 麻郷戎ヶ下
39%
住友大阪セメント株式会社 岐阜 岐阜県 揖斐郡大野町 稲富2561-1
35%
石山鉱業株式会社 新石山 岐阜県 揖斐郡大野町 稲富2571-3
35%
敦賀セメント株式会社 石山 岐阜県 揖斐郡大野町 字寺内字雁又平1369-1
35%
琉球セメント株式会社 安和 沖縄県 国頭郡本部町 字崎本部3120
35%
北海道太平洋鉱業株式会社 峩朗 北海道 北斗市 峩朗54
30%
四国鉱発株式会社 白木谷 高知県 南国市 白木谷916
30%
須崎鉱発株式会社 勝森 高知県 高岡郡佐川町 川ノ内組668
30%
白石工業株式会社 白石肥後 熊本県 葦北郡芦北町 大字白岩1095-1
22%
No matching quizzes found
Score Distribution
Percent of People with Each Score
Percentile by Number Answered
Your Score History
You have not taken this quiz